[Event "Titled Tuesday intern op 08th Aug Early"]
[Site "Chess.com INT"]
[Date "2023.08.08"]
[Round "5"]
[White "Sariego Figueredo, Wilfredo"]
[Black "Khamdamova, Afruza"]
[Result "0-1"]
[WhiteElo "2318"]
[BlackElo "2140"]
[PlyCount "136"]
[EventDate "2023.08.08"]
[EventType "swiss (blitz)"]
[EventRounds "11"]
[EventCountry "USA"]
[SourceTitle "EXT 2024"]
[Source "ChessBase"]
[SourceDate "2023.10.10"]
[SourceVersion "1"]
[SourceVersionDate "2023.10.10"]
[SourceQuality "1"]

1. d4 Nf6 2. Bf4 d5 3. e3 c5 4. c3 Nc6 5. Nd2 Bf5 6. Ngf3 e6 7. Nh4 Bg6 8. Nxg6 hxg6 9. Bd3 Bd6 10. Bxd6 Qxd6 11. Nf3 cxd4 12. exd4 a6 13. Qe2 0-0 14. 0-0 Rac8 15. Rfe1 Rfe8 16. Ne5 Ne7 17. a4 a5 18. Bb5 Rf8 19. f3 Nc6 20. Nd3 Qc7 21. Nc5 Na7 22. Bd3 b6 23. Nb3 Rcd8 24. Nd2 Nc8 25. Nb1 Nd6 26. Na3 Nh5 27. Bb5 Qe7 28. Qe5 Nf6 29. Re2 Kh7 30. Rae1 Rh8 31. Bd3 Kg8 32. Nb5 Nxb5 33. Bxb5 Rh5 34. Qg3 Nh7 35. Re5 Rh6 36. R5e2 Qf6 37. Qc7 Rf8 38. Qg3 g5 39. Re5 Rc8 40. Bd7 Rd8 41. Bb5 Qg6 42. R5e2 Qh5 43. Qc7 Rf8 44. h3 Qh4 45. Qd6 Nf6 46. Bd3 Nh5 47. Rd2 Nf4 48. Bf1 Qg3 49. Kh1 g4 50. Qe5 gxh3 51. gxh3 Rxh3+ 52. Bxh3 Qxh3+ 53. Kg1 Qg3+ 54. Kf1 Qxf3+ 55. Rf2 Qh3+ 56. Kg1 Nd3 57. Qe2 Nxe1 58. Qxe1 Qg4+ 59. Rg2 Qf4 60. Qd1 g6 61. Qh5 Kg7 62. Qh3 Rh8 63. Qd3 Qc1+ 64. Kf2 Rh1 65. Kf3 Rf1+ 66. Kg3 Qf4+ 67. Kh3 Rh1+ 68. Rh2 Rxh2# 0-1

[Event "Titled Tuesday intern op 25th Jul Late"]
[Site "Chess.com INT"]
[Date "2023.07.25"]
[Round "6"]
[White "Sariego Figueredo, Wilfredo"]
[Black "Ismayil, Malak"]
[Result "0-1"]
[WhiteElo "2318"]
[BlackElo "2158"]
[PlyCount "146"]
[EventDate "2023.07.25"]
[EventType "swiss (blitz)"]
[EventRounds "11"]
[EventCountry "USA"]
[SourceTitle "EXT 2024"]
[Source "ChessBase"]
[SourceDate "2023.10.10"]
[SourceVersion "1"]
[SourceVersionDate "2023.10.10"]
[SourceQuality "1"]

1. d4 Nf6 2. Bf4 d5 3. e3 e6 4. Bd3 Be7 5. h3 0-0 6. Nf3 c5 7. c3 Nc6 8. Nbd2 a6 9. 0-0 c4 10. Bc2 b5 11. e4 h6 12. Re1 b4 13. Ne5 Bb7 14. Nxc6 Bxc6 15. e5 Nd7 16. Qg4 Bg5 17. Bxg5 Qxg5 18. Qxg5 hxg5 19. cxb4 Rfb8 20. a3 a5 21. Nf3 axb4 22. Nxg5 bxa3 23. bxa3 Rb2 24. Rec1 Ba4 25. Bxa4 Rxa4 26. Rc3 Nb6 27. Nf3 Rb3 28. Rxb3 cxb3 29. Kf1 Nc4 30. Ke2 Nxa3 31. Nd2 b2 32. Ra2 Rxd4 33. Rxb2 Nc4 34. Rb8+ Kh7 35. Nf3 Re4+ 36. Kd3 Nxe5+ 37. Nxe5 Rxe5 38. Rb7 Kg6 39. g3 Re1 40. Kd2 Rh1 41. h4 Kf6 42. Rd7 Ra1 43. Rb7 Ra2+ 44. Ke3 g6 45. g4 Ra4 46. g5+ Kg7 47. f4 Ra3+ 48. Kd4 Rh3 49. Ke5 Rxh4 50. Rb4 Rh3 51. Rd4 Re3+ 52. Kd6 Re4 53. Kc5 Rxd4 54. Kxd4 Kf8 55. Ke5 Ke7 56. Kd4 Kd6 57. Kd3 e5 58. fxe5+ Kxe5 59. Ke3 Kf5 60. Kd4 Kxg5 61. Kxd5 f5 62. Ke5 Kg4 63. Kd4 f4 64. Ke5 Kg3 65. Kf6 f3 66. Kxg6 f2 67. Kh7 f1Q 68. Kg8 Qf6 69. Kh7 Kg4 70. Kg8 Qe7 71. Kh8 Kg5 72. Kg8 Kg6 73. Kh8 Qg7# 0-1

[Event "Titled Tuesday intern op 25th Jul Late"]
[Site "Chess.com INT"]
[Date "2023.07.25"]
[Round "5"]
[White "Sariego Figueredo, Wilfredo"]
[Black "Nunez V, Gustavo Eduardo"]
[Result "1-0"]
[WhiteElo "2318"]
[BlackElo "2226"]
[PlyCount "171"]
[EventDate "2023.07.25"]
[EventType "swiss (blitz)"]
[EventRounds "11"]
[EventCountry "USA"]
[SourceTitle "EXT 2024"]
[Source "ChessBase"]
[SourceDate "2023.10.10"]
[SourceVersion "1"]
[SourceVersionDate "2023.10.10"]
[SourceQuality "1"]

1. d4 Nf6 2. Bf4 g6 3. Nc3 d5 4. Nf3 Bg7 5. h4 h6 6. e3 0-0 7. Be2 c5 8. Ne5 Nc6 9. g4 Nd7 10. Nxd7 Qxd7 11. dxc5 e5 12. Bg3 Rd8 13. Qd2 d4 14. exd4 Nxd4 15. 0-0-0 Qc6 16. Bd3 Qxc5 17. Ne4 Qc6 18. g5 h5 19. Qc3 Qxc3 20. bxc3 Nf5 21. Nf6+ Bxf6 22. gxf6 Nxg3 23. fxg3 Be6 24. Kb2 Rd6 25. Be4 Rb6+ 26. Ka1 Rc8 27. Rd3 Bc4 28. Rd7 Ra6 29. Bxb7 Rxa2+ 30. Kb1 Rb8 31. Rhd1 Kh7 32. Rc7 Be6 33. Rd6 Ra5 34. Rxe6 Rb5+ 35. Kc1 R5xb7 36. Ree7 Rxc7 37. Rxc7 Kg8 38. Rxa7 Rb6 39. Ra8+ Kh7 40. Re8 Rxf6 41. Rxe5 Rf3 42. c4 Rxg3 43. c5 Rc3 44. Kd2 Rc4 45. Kd3 Rxh4 46. c6 Ra4 47. c7 Ra8 48. Re7 Kg7 49. Rd7 Rc8 50. c4 Kf6 51. c5 Ke6 52. c6 h4 53. Kc4 h3 54. Kc5 h2 55. Rd1 Rxc7 56. Kb6 Rc8 57. Kb7 Rh8 58. c7 g5 59. Rh1 Kd7 60. Rxh2 Rf8 61. Rd2+ Ke6 62. Rd8 Rxd8 63. cxd8Q f6 64. Qe8+ Kf5 65. Qe3 Kg4 66. Qg1+ Kf4 67. Qf2+ Ke5 68. Qe3+ Kf5 69. Qf3+ Ke5 70. Kc6 f5 71. Qg3+ Kf6 72. Qd6+ Kf7 73. Qe5 Kg6 74. Qe6+ Kh5 75. Qxf5 Kh4 76. Qf1 g4 77. Qg1 g3 78. Kd5 Kg4 79. Ke4 Kh3 80. Kf3 Kh4 81. Qxg3+ Kh5 82. Qg4+ Kh6 83. Kf4 Kh7 84. Kf5 Kh8 85. Kf6 Kh7 86. Qg7# 1-0

[Event "Titled Tuesday intern op 27th Jun Early"]
[Site "Chess.com INT"]
[Date "2023.06.27"]
[Round "6"]
[White "Delorme, Axel"]
[Black "Sariego Figueredo, Wilfredo"]
[Result "1-0"]
[WhiteElo "2483"]
[BlackElo "2318"]
[PlyCount "87"]
[EventDate "2023.06.27"]
[EventType "swiss (blitz)"]
[EventRounds "11"]
[EventCountry "USA"]
[SourceTitle "EXT 2024"]
[Source "ChessBase"]
[SourceDate "2023.10.10"]
[SourceVersion "1"]
[SourceVersionDate "2023.10.10"]
[SourceQuality "1"]

1. e4 c5 2. Nf3 a6 3. c3 e6 4. d4 d5 5. exd5 exd5 6. Bf4 Nf6 7. Bd3 c4 8. Bc2 Bd6 9. Qe2+ Be6 10. Bxd6 Qxd6 11. Ng5 0-0 12. Nxe6 fxe6 13. Nd2 Nc6 14. Nf3 Rae8 15. Ne5 Nd7 16. Nxc6 Qxc6 17. 0-0 e5 18. dxe5 Rxe5 19. Qd2 Nc5 20. Rae1 Rfe8 21. Rxe5 Rxe5 22. Qd4 Re2 23. Rc1 Qe6 24. h4 Nd7 25. Qf4 g6 26. h5 Qe5 27. Qxe5 Rxe5 28. hxg6 hxg6 29. Bxg6 Re2 30. Bc2 Nc5 31. Kf1 Re6 32. Re1 Rxe1+ 33. Kxe1 Kf7 34. Ke2 Kf6 35. Ke3 Ke5 36. f4+ Kf6 37. g3 Ne6 38. f5 Ng5 39. Kd4 Nf3+ 40. Kxd5 Ne5 41. Kd4 b5 42. Be4 Ng4 43. Kc5 Ne5 44. Kb6 1-0

[Event "Titled Tuesday intern op 27th Jun Early"]
[Site "Chess.com INT"]
[Date "2023.06.27"]
[Round "1"]
[White "Sariego Figueredo, Wilfredo"]
[Black "Girya, Olga"]
[Result "0-1"]
[WhiteElo "2318"]
[BlackElo "2402"]
[PlyCount "152"]
[EventDate "2023.06.27"]
[EventType "swiss (blitz)"]
[EventRounds "11"]
[EventCountry "USA"]
[SourceTitle "EXT 2024"]
[Source "ChessBase"]
[SourceDate "2023.10.10"]
[SourceVersion "1"]
[SourceVersionDate "2023.10.10"]
[SourceQuality "1"]

1. d4 Nf6 2. Bf4 e6 3. e3 c5 4. c3 b6 5. Nf3 Be7 6. Bd3 0-0 7. Nbd2 cxd4 8. exd4 Ba6 9. Bxa6 Nxa6 10. 0-0 Nb8 11. h3 Nc6 12. Re1 Rc8 13. Ne5 d6 14. Nxc6 Rxc6 15. Qa4 Qd7 16. Nf3 Rfc8 17. Rad1 R6c7 18. Qxd7 Rxd7 19. Bg5 Nd5 20. Bxe7 Rxe7 21. Nd2 b5 22. Ne4 Rd7 23. Rd3 a5 24. a3 h6 25. Ra1 Kf8 26. Rf3 Ke7 27. Ng3 Rb7 28. Re1 g6 29. h4 h5 30. Ne4 b4 31. cxb4 axb4 32. Ng5 Ke8 33. Ne4 Rc6 34. Nf6+ Nxf6 35. Rxf6 d5 36. Re3 Rc4 37. Rf4 bxa3 38. bxa3 Ra7 39. Rd3 Rca4 40. Rff3 Ke7 41. Rfe3 Kd6 42. Kf1 Rb7 43. Ke2 Rb2+ 44. Kf3 Ra2 45. Kf4 Rxf2+ 46. Kg3 Ra2 47. Rf3 Re2 48. Rxf7 Re4 49. Rf4 Rxf4 50. Kxf4 e5+ 51. Ke3 exd4+ 52. Rxd4 Rxa3+ 53. Kf4 Kc5 54. Rd2 d4 55. Kg5 Rg3+ 56. Kf4 Rg4+ 57. Kf3 Rxh4 58. g3 Rg4 59. Rc2+ Kd5 60. Rc8 d3 61. Rg8 Kd4 62. Rc8 d2 63. Rc7 Kd3 64. Rd7+ Kc2 65. Rc7+ Kd1 66. Rc6 Rd4 67. Kf2 Rd3 68. Rc8 Rd5 69. Rc6 Rf5+ 70. Kg2 Ke2 71. Re6+ Kd3 72. Rd6+ Ke3 73. Re6+ Kd4 74. Rd6+ Rd5 75. Rxd5+ Kxd5 76. Kf2 d1Q 0-1

[Event "Titled Tuesday intern op 20th Jun Early"]
[Site "Chess.com INT"]
[Date "2023.06.20"]
[Round "7"]
[White "Sariego Figueredo, Wilfredo"]
[Black "Kopylov, Daniel"]
[Result "0-1"]
[WhiteElo "2318"]
[BlackElo "2388"]
[PlyCount "112"]
[EventDate "2023.06.20"]
[EventType "swiss (blitz)"]
[EventRounds "11"]
[EventCountry "USA"]
[SourceTitle "EXT 2024"]
[Source "ChessBase"]
[SourceDate "2023.10.10"]
[SourceVersion "1"]
[SourceVersionDate "2023.10.10"]
[SourceQuality "1"]

1. d4 Nf6 2. Bf4 e6 3. e3 c5 4. c3 b6 5. Nf3 Bb7 6. Be2 Be7 7. h3 0-0 8. 0-0 Nc6 9. Nbd2 Rc8 10. a4 a6 11. Re1 d6 12. Rb1 cxd4 13. exd4 Re8 14. Bh2 Bf8 15. Nc4 b5 16. axb5 axb5 17. Na3 b4 18. Nb5 bxc3 19. bxc3 Ba6 20. c4 h6 21. Qb3 Na5 22. Qa4 Ne4 23. Bd3 d5 24. Bxe4 dxe4 25. Ne5 Bxb5 26. Rxb5 Ra8 27. Ra1 Nxc4 28. Qxa8 Qxa8 29. Rxa8 Rxa8 30. Bf4 Nxe5 31. Bxe5 Ra1+ 32. Kh2 f6 33. Bg3 Rd1 34. Rb6 Kf7 35. Rb7+ Kg6 36. Rb6 Kf7 37. Rb7+ Kg8 38. Rd7 e5 39. d5 h5 40. h4 Rd2 41. Kg1 Bc5 42. Rd8+ Kf7 43. Rd7+ Kg6 44. Kf1 e3 45. fxe3 Bxe3 46. Rd8 Bc5 47. Rd7 Kf5 48. Be1 Rd1 49. Ke2 Rd4 50. Rxg7 Rxd5 51. Rh7 Kg6 52. Rb7 Rd4 53. Bf2 Re4+ 54. Kf3 Rf4+ 55. Kg3 Bxf2+ 56. Kh2 Rxh4# 0-1

[Event "Titled Tuesday intern op 13th Jun Late"]
[Site "Chess.com INT"]
[Date "2023.06.13"]
[Round "6"]
[White "Sariego Figueredo, Wilfredo"]
[Black "Zherebtsova, Alexandra"]
[Result "0-1"]
[WhiteElo "2318"]
[BlackElo "2197"]
[PlyCount "148"]
[EventDate "2023.06.13"]
[EventType "swiss (blitz)"]
[EventRounds "11"]
[EventCountry "USA"]
[SourceTitle "EXT 2024"]
[Source "ChessBase"]
[SourceDate "2023.10.10"]
[SourceVersion "1"]
[SourceVersionDate "2023.10.10"]
[SourceQuality "1"]

1. d4 Nf6 2. Bf4 c5 3. d5 b5 4. e3 Bb7 5. Bxb5 Nxd5 6. Bg3 Qa5+ 7. Nd2 Nxe3 8. fxe3 Qxb5 9. Ngf3 e6 10. c4 Qb6 11. 0-0 Be7 12. Ne5 0-0 13. Qh5 f6 14. Nd3 Nc6 15. Rf4 g6 16. Qh6 Rf7 17. Rff1 Nb4 18. Nxb4 cxb4 19. Bf2 Bf8 20. Qf4 Qc6 21. Nf3 Bg7 22. Rac1 g5 23. Qg3 Rc8 24. Nd4 Qe4 25. Nb5 Bf8 26. Nxa7 Ra8 27. Nb5 Rxa2 28. b3 h5 29. h4 g4 30. Ra1 Rxa1 31. Rxa1 d5 32. Rc1 dxc4 33. bxc4 b3 34. Re1 b2 35. Nc3 Qc2 36. Nb1 e5 37. Rf1 Qe4 38. Be1 Bc5 39. Bd2 Kg7 40. Qf2 f5 41. Qe2 f4 42. Nc3 Bxe3+ 43. Bxe3 Qxe3+ 44. Qxe3 fxe3 45. Rxf7+ Kxf7 46. Kf1 Ba6 47. Ke2 Bxc4+ 48. Kxe3 Ba2 49. g3 b1Q 50. Nxb1 Bxb1 51. Kd2 Kf6 52. Ke3 Bg6 53. Kf2 Kf5 54. Ke3 Ke6 55. Kd2 Kd5 56. Ke3 Bf5 57. Kd2 Ke4 58. Ke2 Be6 59. Kf2 Bc4 60. Kg2 Ke3 61. Kh2 Kf3 62. Kg1 Kxg3 63. Kh1 Kxh4 64. Kg1 Kg5 65. Kh1 Kf4 66. Kg1 e4 67. Kf2 Bd5 68. Ke1 Kf3 69. Kf1 Bc4+ 70. Kg1 e3 71. Kh2 e2 72. Kh1 e1Q+ 73. Kh2 Qg3+ 74. Kh1 Qg2# 0-1

[Event "Titled Tuesday intern op 23rd May Late"]
[Site "Chess.com INT"]
[Date "2023.05.23"]
[Round "5"]
[White "Sariego Figueredo, Wilfredo"]
[Black "Sarkar, Justin"]
[Result "0-1"]
[WhiteElo "2318"]
[BlackElo "2309"]
[PlyCount "58"]
[EventDate "2023.05.23"]
[EventType "swiss (blitz)"]
[EventRounds "11"]
[EventCountry "USA"]
[SourceTitle "EXT 2024"]
[Source "ChessBase"]
[SourceDate "2023.10.10"]
[SourceVersion "1"]
[SourceVersionDate "2023.10.10"]
[SourceQuality "1"]

1. d4 Nf6 2. Bf4 Nd5 3. Bg3 d6 4. e4 Nf6 5. Nc3 g6 6. Bc4 Bg7 7. e5 Nh5 8. Nf3 Nxg3 9. hxg3 Nc6 10. Ng5 e6 11. Nf3 dxe5 12. dxe5 Qxd1+ 13. Rxd1 a6 14. Bb3 Nxe5 15. Nxe5 Bxe5 16. 0-0 Bxc3 17. bxc3 Bd7 18. f4 h5 19. Kf2 Ke7 20. Rfe1 Bc6 21. Rd4 a5 22. a4 Rhd8 23. Red1 Be4 24. Rxe4 Rxd1 25. Re2 Rad8 26. Bc4 R8d2 27. Bd3 Rxe2+ 28. Kxe2 Ra1 29. Bb5 c6 0-1

[Event "Titled Tuesday intern op 18th Apr Late"]
[Site "Chess.com INT"]
[Date "2023.04.18"]
[Round "4"]
[White "Sariego Figueredo, Wilfredo"]
[Black "Joubert, Dantelle"]
[Result "1-0"]
[WhiteElo "2318"]
[BlackElo "1566"]
[PlyCount "55"]
[EventDate "2023.04.18"]
[EventType "swiss (blitz)"]
[EventRounds "11"]
[EventCountry "USA"]
[SourceTitle "EXT 2024"]
[Source "ChessBase"]
[SourceDate "2023.10.10"]
[SourceVersion "1"]
[SourceVersionDate "2023.10.10"]
[SourceQuality "1"]

1. d4 Nf6 2. Bf4 e6 3. e3 b6 4. Nf3 Bb7 5. Be2 Be7 6. Nbd2 0-0 7. c3 d6 8. 0-0 Nbd7 9. Re1 Re8 10. Bd3 Bf8 11. e4 e5 12. Bg5 h6 13. Bh4 g6 14. Bc4 Bg7 15. a4 Qc8 16. a5 exd4 17. cxd4 Bxe4 18. Nxe4 Nxe4 19. Bd5 Ndf6 20. Bxf6 Nxf6 21. Rxe8+ Qxe8 22. Bxa8 Qxa8 23. axb6 cxb6 24. Qa4 a5 25. h3 Qd5 26. Re1 Ne4 27. Qe8+ Kh7 28. Qxe4 1-0

[Event "Titled Tuesday intern op 18th Apr Late"]
[Site "Chess.com INT"]
[Date "2023.04.18"]
[Round "9"]
[White "Sariego Figueredo, Wilfredo"]
[Black "Novikova, Margarita"]
[Result "0-1"]
[WhiteElo "2318"]
[BlackElo "1985"]
[PlyCount "104"]
[EventDate "2023.04.18"]
[EventType "swiss (blitz)"]
[EventRounds "11"]
[EventCountry "USA"]
[SourceTitle "EXT 2024"]
[Source "ChessBase"]
[SourceDate "2023.10.10"]
[SourceVersion "1"]
[SourceVersionDate "2023.10.10"]
[SourceQuality "1"]

1. d4 d5 2. Bf4 Nf6 3. e3 e6 4. Bd3 Bd6 5. Bg3 Bxg3 6. hxg3 h6 7. Nd2 b6 8. Qe2 Bb7 9. c3 c5 10. Ndf3 c4 11. Bc2 Nc6 12. 0-0-0 b5 13. Ne5 Nxe5 14. dxe5 Nd7 15. f4 Qb6 16. Nf3 a5 17. Nd4 b4 18. Ba4 Ke7 19. Bxd7 Kxd7 20. Qc2 g6 21. Qa4+ Bc6 22. Nxc6 Qxc6 23. Qxc6+ Kxc6 24. e4 a4 25. exd5+ exd5 26. cxb4 a3 27. Rd2 axb2+ 28. Rxb2 Kb5 29. Kc2 d4 30. g4 d3+ 31. Kc3 Ra3+ 32. Kd4 Rd8+ 33. Ke4 d2 34. Rd1 c3 35. Rc2 Kc4 36. f5 Rd4+ 37. Kf3 Rd3+ 38. Ke4 Ra6 39. fxg6 fxg6 40. b5 Ra8 41. b6 Rb8 42. e6 Rxb6 43. Ke5 Rd5+ 44. Kf6 Rdd6 45. Kxg6 Rxe6+ 46. Kh5 Re5+ 47. Kh4 Kd3 48. Rcxd2+ cxd2 49. g3 Re1 50. Rxd2+ Kxd2 51. a4 Rg6 52. a5 Rh1# 0-1

[Event "Titled Tuesday intern op 18th Apr Late"]
[Site "Chess.com INT"]
[Date "2023.04.18"]
[Round "11"]
[White "Sariego Figueredo, Wilfredo"]
[Black "Oliveira, Tiago Batista"]
[Result "1-0"]
[WhiteElo "2318"]
[BlackElo "1991"]
[PlyCount "91"]
[EventDate "2023.04.18"]
[EventType "swiss (blitz)"]
[EventRounds "11"]
[EventCountry "USA"]
[SourceTitle "EXT 2024"]
[Source "ChessBase"]
[SourceDate "2023.10.10"]
[SourceVersion "1"]
[SourceVersionDate "2023.10.10"]
[SourceQuality "1"]

1. d4 Nf6 2. Bf4 g6 3. Nc3 Bg7 4. e4 d6 5. Qd2 Nbd7 6. 0-0-0 e5 7. dxe5 dxe5 8. Bh6 0-0 9. Nf3 Qe7 10. Bxg7 Kxg7 11. Bc4 h6 12. Rhe1 c6 13. Bb3 Nc5 14. h3 a5 15. Na4 Nxb3+ 16. cxb3 b5 17. Nc3 b4 18. Na4 Ba6 19. Kb1 Rfd8 20. Qe3 Rxd1+ 21. Rxd1 Rd8 22. Rd2 Rxd2 23. Nxd2 Qd6 24. Nc5 Bc8 25. f3 Nd7 26. Nxd7 Qxd7 27. Kc2 Ba6 28. Nc4 a4 29. Nxe5 axb3+ 30. axb3 Qe6 31. Nc4 Bxc4 32. Qd4+ Qf6 33. Qxf6+ Kxf6 34. bxc4 Ke5 35. Kd3 f5 36. Ke3 g5 37. exf5 Kxf5 38. g3 Ke5 39. b3 c5 40. g4 Kd6 41. Ke4 Ke6 42. f4 gxf4 43. Kxf4 Kf6 44. h4 Kf7 45. Ke5 Kg6 46. Kd5 1-0